| 000 | 01235nam a22002777a 4500 | ||
|---|---|---|---|
| 003 | OSt | ||
| 005 | 20240925090954.0 | ||
| 007 | cr ||||||a|c|a | ||
| 008 | 221201s2021 mx a|||fom||| 001 0 spa d | ||
| 040 | _erda | ||
| 100 | 1 |
_9185773 _aVenancio Gómez, Hulda Betsabé |
|
| 245 | 1 |
_aDiseño de una campaña de concientización ambiental para el manejo de residuos sólidos en Santa Cruz Mixtepec, Oaxaca / _cpor Hulda Betsabé Venancio Gómez, director de tesis Elizabeth Hernández Acosta. |
|
| 264 | 1 |
_aChapingo, México : _bEl autor, _c2021. |
|
| 300 |
_a1 recurso en línea (104 páginas). _bcuadros, figuras. |
||
| 336 |
_2rdacontent _atexto _btxt |
||
| 337 |
_2rdamedia _acomputadora _bc |
||
| 338 |
_2rdacarrier _arecurso en línea _bcr |
||
| 502 |
_bIRNR _cSuelos _d2021. _gLIC |
||
| 504 | _aIncluye referencias bibliográficas: páginas 75-80. | ||
| 650 | 4 |
_9132274 _aResiduos sólidos _xControl _zOaxaca |
|
| 650 | 4 |
_974106 _aMedio ambiente _xProtección |
|
| 650 | 4 |
_935556 _aEducación ambiental |
|
| 700 | 1 |
_953773 _aHernández Acosta, Elizabeth _eDirector de tesis. |
|
| 856 |
_uhttp://10.13.5.2/tesis/tl/2021_SU_Venancio_Gomez_HuldaBetsabe.pdf _zDESCARGAR PDF |
||
| 942 |
_2Clasificación Universidad Autónoma Chapingo _cTD |
||
| 999 |
_c217915 _d217915 |
||